000 00661nam a2200145Ia 4500
008 100122s9999 xx 000 0 und d
082 _b44775
_a823.08
100 _aगोवंडे श्रीकांत
245 _aमहाभारतातील दोनशे गोष्टी (सुरवात नाही )
260 _bअनमोल प्रकाशन
_c1990
300 _a375
630 _aमहाभारतातील दोनशे गोष्टी (सुरवात नाही )
730 _aमहाभारतातील दोनशे गोष्टी (सुरवात नाही )
942 _cBOOK
999 _c424434
_d424431